| 000 | 01026nam a22003257a 4500 | ||
|---|---|---|---|
| 001 | BR9508283 | ||
| 003 | BR-BrBNA | ||
| 005 | 20230928095121.0 | ||
| 007 | ta | ||
| 008 | 230509b bl.||||| |||| 00| 0 por d | ||
| 040 |
_aBR-BrBNA _bpor _cBiblioteca Nacional de Agricultura |
||
| 041 | _a(Por) | ||
| 072 |
_aF30; H20 _b1850 |
||
| 090 | _ 1850 BR9508283 | ||
| 100 | 1 | _aJuliatti, F.C. | |
| 110 | 1 |
_aUniversidade Federal de Lavras, MG (Brasil) _0Tese (Doutor em Fitotecnia) |
|
| 245 | 1 | _aReacao hospedeira, infectividade e controle genetico da resistencia a tospovirus em tomateiro (Lycopersicon esculentum Mill.) | |
| 260 | 3 |
_aLavras, MG (Brasil): _c1994. |
|
| 300 | _a127 p. | ||
| 500 | _a27 tables; 5 graphs; Includes Several Bibliographies; Summaries (Eng, Por) | ||
| 650 | _aTomate | ||
| 650 | _aVariedade Resistente | ||
| 650 | _aHospedeiro | ||
| 650 | _aInfeccao | ||
| 650 | _aControle Biologico | ||
| 650 | _aProgenie | ||
| 650 | _aInoculacao | ||
| 909 |
_a202309 _bLucia _c55 _dLucia Elande |
||
| 942 | _cBK | ||
| 999 |
_c54621 _d54621 |
||